Evaluación académica en tiempos de transformación social e institucional /

Na minha lista:
Detalhes bibliográficos
Autor principal: Aguilar Aguirre, Hugo
Outros Autores: Gondoni Ruiz, Catalina
Formato: Texto
Assuntos:
Tags: Adicionar Tag
Sem tags, seja o primeiro a adicionar uma tag!

MARC

LEADER 00000 a a2200000 04500
001 65
003
040
100 |a Aguilar Aguirre, Hugo  
245 |a Evaluación académica en tiempos de transformación social e institucional /  |c Hugo Aguilar Aguirre 
650 |a EVALUACION DE PROGRAMAS  
650 |a CAMBIO SOCIAL  
650 |a INSTITUCIONES PUBLICAS  
650 |a MODERNIZACION  
650 |a AJUSTE ESTRUCTURAL  
650 |a REFORMAS DE LA EDUCACION  
700 |a Gondoni Ruiz, Catalina  
773 |g número 23 -24; páginas 39-45  
999 |c 39372  |d 39372 
773 0 |0 18806  |9 2151  |a Universidad Nacional de Costa Rica  |d Heredia: C.R.: EUNA  |o 02508  |t ABRA  |x 14093928